Building maintenance price book (Record no. 116280)
[ view plain ]
| 000 -LEADER | |
|---|---|
| fixed length control field | 00924cam a22002535a 4500 |
| 001 - CONTROL NUMBER | |
| control field | L160215 |
| 008 - FIXED-LENGTH DATA ELEMENTS--GENERAL INFORMATION | |
| fixed length control field | 190402s2019 xxk f 001 0 eng d |
| 020 ## - INTERNATIONAL STANDARD BOOK NUMBER | |
| International Standard Book Number | 9781783213375 |
| 035 ## - SYSTEM CONTROL NUMBER | |
| System control number | (Sirsi) u160215 |
| 041 0# - LANGUAGE CODE | |
| Language code of text/sound track or separate title | eng |
| 050 04 - LIBRARY OF CONGRESS CALL NUMBER | |
| Classification number | 692.5 $2 18 |
| 110 2# - MAIN ENTRY--CORPORATE NAME | |
| Corporate name or jurisdiction name as entry element | Building Cost Information Service |
| 9 (RLIN) | 1096 |
| 245 00 - TITLE STATEMENT | |
| Title | Building maintenance price book |
| Remainder of title | 2019 |
| 250 ## - EDITION STATEMENT | |
| Edition statement | 39th ed. |
| 260 ## - PUBLICATION, DISTRIBUTION, ETC. | |
| Place of publication, distribution, etc. | London |
| Name of publisher, distributor, etc. | BCIS |
| Date of publication, distribution, etc. | 2019 |
| 300 ## - PHYSICAL DESCRIPTION | |
| Extent | 304p. |
| Other physical details | spiral bound |
| Dimensions | 21cm |
| 520 ## - SUMMARY, ETC. | |
| Summary, etc. | Provides realistic expectations on costs for repair work as well as a sound source of maintenance cost information for estimating and pricing. It is used widely for assessing competitive tenders and as a schedule for letting work on measured term contracts. |
| 520 ## - SUMMARY, ETC. | |
| Summary, etc. | Supersedes 38th edition (ISBN 9781783212255). |
| 521 ## - TARGET AUDIENCE NOTE | |
| Target audience note | Advanced |
| 590 ## - LOCAL NOTE (RLIN) | |
| Local note | KA |
| 651 #4 - SUBJECT ADDED ENTRY--GEOGRAPHIC NAME | |
| Geographic name | United Kingdom |
| 690 ## - LOCAL SUBJECT ADDED ENTRY--TOPICAL TERM (OCLC, RLIN) | |
| Topical term or geographic name as entry element | Cost management |
| 9 (RLIN) | 6233 |
| 942 ## - ADDED ENTRY ELEMENTS (KOHA) | |
| Suppress in OPAC | 0 |
| Source of classification or shelving scheme | Dewey Decimal Classification |
| Withdrawn status | Lost status | Source of classification or shelving scheme | Damaged status | Not for loan | Home library | Current library | Shelving location | Date acquired | Total Checkouts | Full call number | Barcode | Date last seen | Copy number | Price effective from | Koha item type |
|---|---|---|---|---|---|---|---|---|---|---|---|---|---|---|---|
| Dewey Decimal Classification | Archives | Archives | Archive copy | 02/04/2019 | 2019/05 RICS | 50014628 | 06/08/2019 | 1 | 06/08/2019 | Book | |||||
| Dewey Decimal Classification | London | London | RICS Boxes | 02/04/2019 | 692.5 BCI | 50014632 | 06/08/2019 | 1 | 06/08/2019 | Book |